<?xml version="1.0" encoding="UTF-8"?>
<record
    xmlns:xsi="http://www.w3.org/2001/XMLSchema-instance"
    xsi:schemaLocation="http://www.loc.gov/MARC21/slim http://www.loc.gov/standards/marcxml/schema/MARC21slim.xsd"
    xmlns="http://www.loc.gov/MARC21/slim">

  <leader>02146nam a2200325Ia 4500</leader>
  <controlfield tag="001">H6792</controlfield>
  <controlfield tag="003">IT-RoPAU</controlfield>
  <controlfield tag="008">130308s9999    xx            000 0 und d</controlfield>
  <datafield tag="040" ind1=" " ind2=" ">
    <subfield code="a">IT-RoPAU</subfield>
  </datafield>
  <datafield tag="040" ind1=" " ind2=" ">
    <subfield code="c">IT-RoPAU</subfield>
  </datafield>
  <datafield tag="041" ind1=" " ind2=" ">
    <subfield code="a">ITALIANO</subfield>
  </datafield>
  <datafield tag="100" ind1=" " ind2=" ">
    <subfield code="a">Della Corte Andrea</subfield>
  </datafield>
  <datafield tag="100" ind1=" " ind2=" ">
    <subfield code="g">Codice Aut. SPICS: 58691</subfield>
  </datafield>
  <datafield tag="245" ind1=" " ind2=" ">
    <subfield code="a">Storia della musica</subfield>
  </datafield>
  <datafield tag="245" ind1=" " ind2=" ">
    <subfield code="b">Storia della Musica</subfield>
  </datafield>
  <datafield tag="250" ind1=" " ind2=" ">
    <subfield code="a">4a ed.</subfield>
  </datafield>
  <datafield tag="260" ind1=" " ind2=" ">
    <subfield code="a">TORINO</subfield>
  </datafield>
  <datafield tag="260" ind1=" " ind2=" ">
    <subfield code="b">UTET</subfield>
  </datafield>
  <datafield tag="260" ind1=" " ind2=" ">
    <subfield code="c">1964 [1&#xB0; Ed.:1935 - Ed.Ling.Originale:1935]</subfield>
  </datafield>
  <datafield tag="300" ind1=" " ind2=" ">
    <subfield code="a">"2125 p. (prefazione: 25; testo: 2100 [pagine: 0-0])"</subfield>
  </datafield>
  <datafield tag="500" ind1=" " ind2=" ">
    <subfield code="a">"Vol. I: Primo millennio Prerinascimento '400: Arte Cristiana (Musiche Chiesa Bizantina; Chiesa Romana; dramma Liturgico; Laude); Arte Profana (Troubadours e Trouveres). Prerinascimento e Rinascimento: Polifonia; Ars Nova; Borgogna e Fiandre nel '400; '500; musiche X Teatro '400 e '500. '600: Teatroin Italia, in Francia, Spagna; Chiesa; musiche Vocali da Camera; musiche Xstrumenti; Lineamenti barocco in Italia. Vol. Ii: '700: J.S. Bach; G.F. Hendel; Teatro; Cantate e Ariette; Espressioni Musica Religiosa; Verso Sinfonia; dal Clavicembalo al Pianoforte; Autori musiche Violinistiche; F.J. Haydn; Mozart; Preromanticismo e Lied. '800: Beethoven; Lirica vocale da Camerain Europa; Musica Strumentale. Vol. Iii: '800 Teatro e Musica Sacra: Operain Italia; Teatro in Germania; Opera in Francia; Opera in Russia; Teatro Altri paesi Europa; Oratorii, Messe, Requiem; Musica in America. '900: Concetto Musica moderna; Debussy; R. Strauss; Postromantici tedeschi '900; Espressionismo Secondo Schering; Ferruccio Busoni e Doktor Faust; Stravinsky; Prokofiev e Altri Slavi; Ravel e Musica Francese; Hindemith e Nuova Germania Musicale; Bela Bartok e Ungheresi; nuove correnti Musica Italiana; musicisti  Svizzeri e Spagnoli; Nuova Musica Inglese; Musica in Finlandia, Sibelius;Il Jazz, Musica Americana; Astrattismo e Avanguardia. Conclusioni."</subfield>
  </datafield>
  <datafield tag="650" ind1=" " ind2=" ">
    <subfield code="a">STORIA DELLA MUSICA</subfield>
  </datafield>
  <datafield tag="650" ind1=" " ind2=" ">
    <subfield code="e">Codice materia Spics: 7008</subfield>
  </datafield>
  <datafield tag="700" ind1=" " ind2=" ">
    <subfield code="a">Pannain Guido</subfield>
  </datafield>
  <datafield tag="700" ind1=" " ind2=" ">
    <subfield code="g">Codice Aut. SPICS: 2912</subfield>
  </datafield>
  <datafield tag="942" ind1=" " ind2=" ">
    <subfield code="c">BK</subfield>
  </datafield>
  <datafield tag="957" ind1=" " ind2=" ">
    <subfield code="7">1</subfield>
  </datafield>
  <datafield tag="999" ind1=" " ind2=" ">
    <subfield code="c">76927</subfield>
    <subfield code="d">76927</subfield>
  </datafield>
  <datafield tag="999" ind1=" " ind2=" ">
    <subfield code="b">S</subfield>
  </datafield>
  <datafield tag="999" ind1=" " ind2=" ">
    <subfield code="g">1</subfield>
  </datafield>
  <datafield tag="952" ind1=" " ind2=" ">
    <subfield code="0">0</subfield>
    <subfield code="1">0</subfield>
    <subfield code="4">0</subfield>
    <subfield code="6">H_000000000000000_6792</subfield>
    <subfield code="7">1</subfield>
    <subfield code="a">SPICS</subfield>
    <subfield code="b">SPICS</subfield>
    <subfield code="d">2013-03-08</subfield>
    <subfield code="l">0</subfield>
    <subfield code="o">H6792</subfield>
    <subfield code="r">2013-03-08 00:00:00</subfield>
    <subfield code="w">2013-03-08</subfield>
    <subfield code="y">BK</subfield>
    <subfield code="z">Progressivo inserimento:  48929 /  N. Volumi: 3 Copie: 1 Copia Rara: S / data import: 1 marzo 2013 - By Epidotti, Trombetti, Vaglietti. </subfield>
  </datafield>
</record>
